00648nam a22001937a 450000500170000001000150001702000260003203500130005803700130007108200080008410000140009224500700010626000440017627000550022030000200027594200220029599900170031795201200033420140618114807.0 aENG-110195 a9788124117965c595.00 aEN-93727 bDBAD/PUB a881 aDas, J.P. aSelected poems /cby J.P. Das ; translated from the original Odia aNew DelhibHar-Anand Publicationsc2014 aE-49/3, Okhla Indl. Area, Ph-IIbNew Delhie110020 a179p.c22cm(Hb) 2ddccENmDASh881 c85050d85050 001040718FICaDBADbDBADd2014-06-12eDBAD/PUBg595.00l0o881 DASpEN-93727r2014-06-12 00:00:00t1v595.00yEN